000 00458ntaaa2200181 4500
003 01
005 20251027202809.0
008 0714s1973 ag 01
040 _aAR-BaBN
_bspa
_cAR-BaBN
_eaacr
_dRIC
082 _a868.8200 T58
100 _aTolosa, P. Oscar
_928285
245 _aVoces del mundo
250 _a1 ed.
260 _aBuenos Aires :
_bAngel Estrada y Cía,
_c1933
300 _a340 p
500 _aLibro de lectura para sexto grado
942 _cBK
999 _c23317
_d23317